000 00570nam a2200157Ia 4500
005 20250329113728.0
008 231217s9999 xx 000 0 und d
020 _a9788131412695
082 _a658.04095 GUP;1 R
100 _aGupta, Vipin. Lerenbury, Nancy. Moore, Lynoc, L ed.
245 0 _aCulturally sensitive models of family business in confucian Asia : a compendium using the globe paradigm
260 _c2008
_bIcfai
_aHyderabad
300 _axvi, 245
650 _aCulturally,sensitive,business,confucian,Asia,compendium,using,globe,paradigm
942 _cAA
999 _c189014
_d189014